Energoaktivnyje zdanija

Guardado en:
Detalles Bibliográficos
Formato: Libro
Lenguaje:ruso
Publicado: Moskva : Strojizdat, 1988
Etiquetas: Agregar Etiqueta
Sin Etiquetas, Sea el primero en etiquetar este registro!

MARC

LEADER 00000nam a22000003a 4500
001 stu28924
005 20141122063938.5
008 950522s1988----xxr-----------------rus-d
040 |a STU  |b slo 
041 0 |a rus 
044 |a xxr 
080 |a 721.011.1 
080 |a 697.1 
245 |a Energoaktivnyje zdanija 
260 |a Moskva :  |b Strojizdat,  |c 1988 
300 |a 373 s 
996 |c V*37471/O-15672  |l VV18  |s P  |a 0  |w stu28924_0001